000 01348cam a2200409 i 4500
001 51063
003 KOSZ 005
005 20240405063157.0
008 110205s2000 pl a f f |000 0 pol
020 _a830112783X
040 _cKOSZ 005
_aKOSZ 005
_dKOSZ 005/HR
041 0 _apol
044 _aPOL
080 _a336.1(438)"1989/..."
080 _a(075.8)
100 1 _aOwsiak, Stanisław
_d(1946- )
_eAutor
245 1 0 _aFinanse publiczne :
_bteoria i praktyka /
_cStanisław Owsiak.
250 _aWyd. 2 uaktual.
260 _aWarszawa :
_bWydawnictwo Naukowe PWN,
_c2000.
300 _a560, [2] s. :
_bwykr. ;
_c24 cm.
336 _2rdacontent
_aTekst
_btxt
337 _2rdamedia
_aBez urządzenia pośredniczącego
_bn
338 _2rdacarrier
_aWolumin
_bnc
380 _aKsiążki
388 _a1901-2000
388 _a1989-2000
504 _aBibliogr. s. 529-533.
648 _a1901-2000
648 _a1989-2000
650 4 _aFinanse publiczne
655 4 _aPodręcznik
658 _aGospodarka, ekonomia, finanse
710 2 _aWydawnictwo Naukowe PWN
_4pbl.
856 _uhttp://koha.tu.koszalin.pl/cgi-bin/koha/opac-detail.pl?biblionumber=51063
_yKatalog online BPK
942 _cKS
_2UKD
999 _c51063
_d51063